000
00320nam a2200133Ia 4500
008
210210b1988 xxu||||| |||| 00| 0 eng d
082
_a
158.12 LIND
100
_a
LINK (Mark).
245
_a
Decision.
260
_a
Bombay
_b
St. Paul Publications
_c
1988
300
_a
154
690
_a
Applied Psychology
906
_a
045982
999
_c
95340
_d
95340